000 00442nam a22001817a 4500
005 20251108174655.0
008 250721s9999 xx 000 0 eng d
082 1 4 _aJ/372.242/ALD
100 1 _aalderton, david
245 1 0 _aCastles /
264 1 _alondon :
_bladybirds books,
300 _a30P.
650 1 7 _aCHILDREN
650 1 7 _aLEARNING
653 _aناشاون صغار (10-14) سنه
942 _2ddc
_cBK
999 _c115082
_d115082